Top 10 Padel - Statistiques

Statistiques générales
  • Ce quiz a été pris 85 fois
  • Le résultat moyen est 10 sur 20
Statistiques - réponses
Classement Nom Points Nationalité % Correct
1er Tapia 19800 Argentine
99%
1er Coello 19800 Espagne
94%
3e Galan 17320 Espagne
93%
6e Lebron 7845 Espagne
93%
3e Chingotto 17320 Argentine
90%
10e Augsburger 5155 Argentine
65%
9e Navarro 6115 Espagne
55%
12e Di Nenno 5110 Argentine
54%
7e Nieto 6322 Espagne
45%
5e Stupaczuk 7905 Argentine
45%
11e Sanz 5125 Espagne
39%
7e Yanguas 6322 Espagne
39%
13e Bergamini 4550 Brésil
35%
17e Tello 3330 Argentine
32%
15e Gonzalez 4350 Espagne
23%
14e Guerrero 4410 Espagne
20%
16e Leal 3665 Espagne
20%
18e Alonso 2955 Espagne
17%
19e Aguirre 2870 Argentine
16%
20e Alfonso 2760 Argentine
6%
Aucun quiz correspondant
Distribution des résultats
% des personnes avec chaque résultat
Percentile par nombre de réponses
Votre historique - résultats
Vous n’avez pas pris ce quiz